Score 0/16 Timer 02:00
0 Plays Today
Question Answer Wrong Answers
Adirondack Blue Potato
81.3%
Tomato
6.4%
Plum Tomato
80.9%
Potato
7.7%
Burbank Russet Potato
79.9%
Tomato
8.1%
Yukon Gold Potato
78.8%
Tomato
9.2%
Roma Tomato
78.2%
Potato
9.8%
Garden Peach Tomato
78%
Potato
10%
Fingerling Potato
76.2%
Tomato
12%
Beefsteak Tomato
72.5%
Potato
15.8%
Green Zebra Tomato
71.4%
Potato
17.1%
Brandywine Tomato
66.6%
Potato
21.5%
Bamberg Potato
61.5%
Tomato
26.7%
Celebrity Tomato
59.5%
Potato
28.1%
Early Girl Tomato
58.3%
Potato
30.1%
British Queen Potato
51%
Tomato
37.2%
Vivaldi Potato
39.3%
Tomato
49.2%
Pink Fir Apple Potato
32.1%
Tomato
56.2%

Today's Daily Dose

Missing Word
TV NA - NZ

Word Ladder
Neck and Neck

Quick Pick
'Q' Places

You're not logged in!

Compare scores with friends on all Sporcle quizzes.
OR
Log In

Sporcle TV

Today on Sporcle TV


Watch our educational content, quiz creation guides, and fun videos on Sporcle TV.

Show Comments

Extras

Top Quizzes Today


Score Distribution

Paid Content

Your Account Isn't Verified!

In order to create a playlist on Sporcle, you need to verify the email address you used during registration. Go to your Sporcle Settings to finish the process.

Report this User

Report this user for behavior that violates our Community Guidelines.

Details: